Singapore First Level Subdivisions - Statistics

General Stats
  • This quiz has been taken 197 times
  • The average score is 5 of 5
Answer Stats
Districts % Correct
Central
97%
North East
91%
North West
90%
South East
90%
South West
89%
No matching quizzes found
Score Distribution
Percent of People with Each Score
Percentile by Number Answered
Your Score History
You have not taken this quiz